书目信息 |
| 题名: |
物流管理
|
|
| 作者: | 姚冠新 , 钱芝网 主编 | |
| 分册: | ||
| 出版信息: | 北京 中国时代经济出版社 2005 |
|
| 页数: | 338页 | |
| 开本: | 23cm | |
| 丛书名: | ||
| 单 册: | ||
| 中图分类: | F250 | |
| 科图分类: | ||
| 主题词: | 物流--物资管理--高等学校--教材 , 物流 , 物资管理 , 物资经济 | |
| 电子资源: | ||
| ISBN: | 7-80169-681-6 | |
| 000 | 00874nam0 2200277 450 | |
| 001 | 1150935262 | |
| 005 | 20111004141103.48 | |
| 010 | @a7-80169-681-6@dCNY27.00 | |
| 100 | @a20050616d2005 em y0chiy50 ea | |
| 101 | 0 | @achi |
| 102 | @aCN@b110000 | |
| 105 | @ay z 000yy | |
| 200 | 1 | @a物流管理@Awu liu guan li@f姚冠新,钱芝网主编 |
| 210 | @a北京@c中国时代经济出版社@d2005 | |
| 215 | @a338页@d23cm | |
| 300 | @a高等院校非专业课系列教材 | |
| 330 | @a本书讲述了第三方物流和第四方物流、供应链管理、采购管理、运输管理、仓储与库存管理、配送管理、流通加工管理、包装管理等内容。 | |
| 606 | 0 | @a物流@x物资管理@x高等学校@j教材 |
| 606 | 0 | @a物流 |
| 606 | 0 | @a物资管理 |
| 606 | 0 | @a物资经济 |
| 690 | @aF250@v4 | |
| 701 | 0 | @a姚冠新@Ayao guan xin@4主编 |
| 701 | 0 | @a钱芝网@Aqian zhi wang@f(1964.11~)@4主编 |
| 801 | 0 | @aCN@bNLC@c20101222 |
| 905 | @a10447@dF250@eJY28 | |
| 物流管理/姚冠新,钱芝网主编.-北京:中国时代经济出版社,2005 |
| 338页;23cm |
| 高等院校非专业课系列教材 |
| ISBN 7-80169-681-6:CNY27.00 |
| 本书讲述了第三方物流和第四方物流、供应链管理、采购管理、运输管理、仓储与库存管理、配送管理、流通加工管理、包装管理等内容。 |
| ● |
| 相关链接 |
|
|
|
|
正题名:物流管理
索取号:F250/JY28
 
预约/预借
| 序号 | 登录号 | 条形码 | 馆藏地/架位号 | 状态 | 备注 |
| 1 | 7813551 | 278135518 | 学院路分馆/ [索取号:F250/JY28] | 在馆 | |
| 2 | 7813552 | 278135527 | 学院路分馆/ [索取号:F250/JY28] | 在馆 | |
| 3 | 7813553 | 278135536 | 学院路分馆/ [索取号:F250/JY28] | 在馆 | |
| 4 | 7813554 | 278135545 | 学院路分馆/ [索取号:F250/JY28] | 在馆 |